| 000 | 00351nam a22001217a 4500 | ||
|---|---|---|---|
| 020 | _a8125918655 | ||
| 082 |
_222 _a620.1 |
||
| 100 | _aRajeskaran, s and Sankarasubramanian, G. | ||
| 245 | _aFundamentals of engineering mechanics / | ||
| 260 |
_aNew Delhi, _bVikas Publishing, _cc2005. |
||
| 300 |
_axxiv, ind-2 p. ; _bill. ; _c23 cm. |
||
| 942 |
_2ddc _cMEC _06 |
||
| 999 |
_c196 _d196 |
||